000
00300nam a22001217a 4500
008
230704b xxu||||| |||| 00| 0 eng d
020
_a
0192622285
082
_a
362.7
_b
GRA
245
_a
The State of the World's Children 1992
260
_b
Oxford University Press
300
_a
100p
942
_2
ddc
_c
BK
999
_c
3951
_d
3951